00539nam a2200181Ia 4500003000900000008004100009020001800050040001600068080001700084100001500101245009600116260003500212300001000247650002400257650004100281650001400322650002100336IN-BaIIA211028s9999 xx 000 0 eng d a0-688-05889-2 cIIA Library a52(091)bFER aFerris, T. 0aComing of age in the milky waycT. Ferris  aNew YorkbWilliam Morrowc1988 a495p. aAstronomy - History aAstronomy and astrophysics thesaurus aCosmology aMilky way galaxy